000 005980000a22001810004500
003 MACL
005 20160121161138.0
008 160121b xxu||||| |||| 00| 0 eng d
040 _aMACL
_cMACL
041 _aHindi
082 _a355.0954/SIN
100 _aसिंह मेजर मेहर
_933911
245 _aसैनिक तकनीकी एम.ई.आर
260 _bब्राईट कैरियर्स इंस्‍टीटृयूट
_c2003
_aनई दिल्‍ली
350 _a60
650 _aMilitary Science
_933944
942 _cHIN
_k355.095 /SIN
_2ddc
999 _c30786
_d30786